000 01384nam a22002297a 4500
005 20260124092429.0
008 230522b ||||| |||| 00| 0 eng d
020 _a9781474620406
040 _cAL
041 _aeng
082 _223
_a813.52
_bBOWT
100 _aJane Bowles
_9252514
245 _aTwo serious ladies
260 _aGreat Britain
_bWen Essentials
_c2021
300 _axi,249p
_bPB
_c20x13cm
365 _2English
_a1170
_b480.00
_c
_d599.00
_e20%
_f17-05-2023
520 _aTwo Serious Ladies is the only novel by avant-garde literary star and wife of legendary writer Paul Bowles—a modernist cult-classic, mysterious, profound, anarchic, and funny, that follows two upper-class women as they descend into debauchery—updated with an introduction by Claire Messud, bestselling author of The Emperor's Children and The Woman Upstairs. Two serious ladies who want to live outside of themselves, Christina Goering and Frieda Copperfield embark on separate quests of salvation. Mrs. Copperfield visits Panama with her husband, where she finds solace among the women who live and work in its brothels. Miss Goering becomes involved with various men. At the end the two women meet again, each transformed by her experience.
650 _aAmerican English Fiction
_9110556
650 _aEnglish Fiction
_9110557
650 _aEnglish Novel
_9110558
942 _2ddc
_cBK
999 _c227321
_d227321